Kuuluisat suomalaiset - kuvavisa #6 - Statistics

Yleistilastot
  • Tätä visaa on pelattu 437 kertaa
  • Keskiarvotulos 7 / 12
Vastaustilastot
Kuvavisa Vastaus % Oikein
Pekka Haavisto
94%
Paula Vesala
89%
Mika Häkkinen
84%
Ville Valo
72%
Pamela Tola
69%
Mika Salo
63%
Tony Halme
61%
Tellervo Koivisto
59%
Tiina Lillak
49%
Tuomas Holopainen
43%
Pirkko Mannola
34%
Johanna Sinisalo
10%
Ehtoja vastaavia visoja ei löytynyt
Tulosjakauma
Jokaisen tuloksen saaneiden osuus
Persentiili vastausten määrän mukaan
Tuloshistoriasi
Et ole pelannut tätä visaa